Yoda Does Literature Quiz Stats

Quiz Updated Jan 17, 2013

Also try: Yoda Does History
Challenge
Share
Tweet
Embed
Score 0/20 Timer 06:00
2 Plays Today
Yoda's take Novel % Correct
'Ishmael, you should call me.'Moby-Dick
92.4%
'To rule them all one ring, to find them one ring, to bring them all and in the darkness bind them one ring. Yeesssssss.'The Fellowship of the Ring
90.9%
'Cheap, darkness is, and Scrooge liked it. Yes, hmmm.'A Christmas Carol
85.4%
'The best of times, it was. Yet, the worst of times, it was also. Yeesssssss.'A Tale of Two Cities
83.1%
'Hmmm... Watson, share my love of all that is bizarre and outside the conventions of everyday life, you do.'The Adventures of Sherlock Holmes
82.4%
'For one, all. For all, one. Our motto, is that. Herh, herh, herh.'The Three Musketeers
80.1%
'Every time a child says, in fairies 'I believe not,' a fairy, somewhere, falls down dead.'Peter Pan
79.6%
'Spider's life, help being something of a mess, cannot. By helping you, trying to lift up my life a trifle, perhaps I was. Yes, hmmm.'Charlotte's Web
79.1%
'Enemies, all men are. Comrades, all animals are. Herh herh herh.'Animal Farm
76.8%
'The courtroom, it is, one place where man should get a square deal, any color he be.'To Kill a Mockingbird
73.4%
Yoda's take Novel % Correct
'To be rude or anything I want not, but - not a great time, this is, for me to be having a house elf in my bedroom.'Harry Potter and the Chamber of Secrets
72.4%
'Is Mr. Heathcliff a man, hmm? If so, mad is he, hmm? And if not, devil is he, hmm? Hmmmmmm?'Wuthering Heights
68.1%
'For the end of innocence ralph wept, of man's heart the darkness, and of the true the fall through the air, wise friend called piggy. Yeesssssss.'The Lord of the Flies
67.5%
'All the same, for brains instead of a heart I shall ask; for a fool would know not what to do with a heart, had he one. Yes, hmmm.'The Wonderful Wizard of Oz
66.4%
'Infinite majesty and calm, Deep Thought has. '42', it's answer will be. Yesss.'The Hitchhiker's Guide to the Galaxy
62%
'Cold, bright, April day it was. Striking thirteen, the clocks were.'1984
49.2%
'However long, lived she, always felt, did Mary, that the first morning her garden grew, she should not forget.'The Secret Garden
46.1%
'Love at first sight, it was, first time Yossarian saw the Chaplain.'Catch-22
45%
'Entirely a matter of chance, happiness in marriage is. Herh herh herh.'Pride and Prejudice
38.4%
'Sir peter wolf's-bane, rise up. Whatever happens, to wipe your sword, never forget.'The Chronicles of Narnia: The Lion the Witch and the Wardrobe
33.8%

You're not logged in!

Compare scores with friends on all Sporcle quizzes.
Sign Up with Email
OR
Log In

You Might Also Like...

Show Comments

Extras

Top Quizzes Today


Score Distribution

Your Account Isn't Verified!

In order to create a playlist on Sporcle, you need to verify the email address you used during registration. Go to your Sporcle Settings to finish the process.